21st Century Innovation Systems for Japan and the United States : (Record no. 614288)

MARC details
000 -LEADER
fixed length control field 00570nam a2200193 a 4500
008 - FIXED-LENGTH DATA ELEMENTS--GENERAL INFORMATION
fixed length control field 260220s2009##################000#0#eng##
020 ## - INTERNATIONAL STANDARD BOOK NUMBER
ISBN 9780309136624
082 04 - DEWEY DECIMAL CLASSIFICATION NUMBER
Classification number 338.064
Item number NAG
100 1# - MAIN ENTRY--AUTHOR NAME
Personal name Council, National Research,
245 10 - TITLE STATEMENT
Title 21st Century Innovation Systems for Japan and the United States :
260 ## - PUBLICATION, DISTRIBUTION, ETC. (IMPRINT)
Name of publisher National Academies Press,
Year of publication 2009.
300 ## - PHYSICAL DESCRIPTION
Number of Pages 302 pages
650 #0 - SUBJECT ADDED ENTRY--TOPICAL TERM
Topical Term Technology & Engineering.
942 ## - ADDED ENTRY ELEMENTS (KOHA)
Koha item type English Books
Holdings
Withdrawn status Lost status Damaged status Not for loan Home library Current library Shelving location Date acquired Full call number Accession Number Price effective from Koha item type
        Anna Centenary Library Anna Centenary Library 4TH FLOOR, A WING 20.02.2026 338.064 NAG 399761 20.02.2026 English Books

Find us on the map